| 000 | 00898nam a2200265 i 4500 | ||
|---|---|---|---|
| 003 | DO-SdBNP | ||
| 005 | 20240820115843.0 | ||
| 007 | ta | ||
| 008 | 240820s2024 dr a 000 0 spa d | ||
| 040 |
_aDO-SdBNP _bspa _cBNPHU _erda |
||
| 082 | 4 |
_bG943 _222 |
|
| 245 | 0 | 0 |
_aMujeres nos hablan de mujeres : _bguía / _cilustraciones Lorena Espinoza |
| 264 |
_aSanto Domingo : _bInteRed, _c2024. |
||
| 300 |
_a15 páginas : _bilustraciones ; _c28 cm. |
||
| 336 |
_2rdaconten. _atexto _btxt |
||
| 337 |
_2rdamedia _asin mediación _bn |
||
| 338 |
_2rdacarrier _avolumen _bnc |
||
| 500 | _aTres historias gráficas de mujeres poderosas de República Dominicana | ||
| 505 |
_tHermanas Mirabal -- _tMamá Tingó -- _tSonia Pierre / |
||
| 521 | _aEducadoras y educadores | ||
| 590 | _aInventariado, 2024/ YL | ||
| 700 | 1 |
_aEspinoza, Lorena _eilustraciones _986363 |
|
| 910 | _aYLockward | ||
| 942 |
_2ddc _cLF2 |
||
| 999 |
_c57497 _d57497 |
||